Tous les clubs victimes de Zlatan Ibrahimovic - Statistiques

Statistiques générales
  • Ce quiz a été pris 47 fois
  • Le résultat moyen est 55 sur 153
Statistiques - réponses
Pays Club % Correct
Italie Inter Milan 10
97%
France Olympique de Marseille 11
97%
France Olympique Lyonnais 9
97%
Italie AC Milan 2
94%
France FC Nantes 9
94%
France LOSC 3
94%
France Stade Rennais 4
94%
France AS Monaco 1
90%
Italie Juventus 2
90%
Italie AS Rome 13
84%
France Girondins de Bordeaux 5
84%
France Stade Brestois 6
84%
France AS Saint-Etienne 17
81%
Allemagne Bayern Munich 1
81%
Espagne Real Madrid 1
81%
Angleterre Manchester City 2
77%
France Montpellier 2
77%
Italie Napoli 4
77%
France OGC Nice 11
77%
France RC Lens 1
77%
France Toulouse 9
77%
Espagne Atletico Madrid 2
74%
France FC Lorient 8
74%
Espagne Valence 1
74%
Angleterre Arsenal 3
71%
Espagne FC Barcelone 3
71%
Italie Lazio Rome 9
71%
Pays-Bas Ajax Amsterdam 2
68%
Ukraine Dynamo Kiev 1
68%
France En Avant Guingamp 6
68%
Angleterre Liverpool 1
68%
France Angers SCO 1
65%
Angleterre Chelsea 2
65%
Espagne FC Séville 2
65%
Italie Fiorentina 11
65%
Portugal Benfica 2
61%
France FC Sochaux Montbéliard 2
61%
Pays-Bas PSV Eindhoven 4
61%
Italie Atalanta Bergame 4
58%
Italie Cagliari 8
58%
France SC Bastia 10
58%
France AJ Auxerre 3
55%
Italie Bologne 7
55%
Croatie Dinamo Zagreb 1
55%
Suède Malmö FF 1
55%
Grèce Olympiakos 1
55%
France ESTAC 7
52%
Italie Genoa 6
52%
Italie Parme 10
52%
France Stade de Reims 5
52%
Belgique Anderlecht 5
48%
Allemagne Bayer Leverkusen 2
48%
France SM Caen 4
48%
Italie Torino 4
48%
Italie Udinese 5
48%
Angleterre Leicester City 2
45%
Italie Palerme 12
45%
Espagne RCD Majorque 1
45%
Italie Sassuolo 2
45%
Pays-Bas Feyenoord Rotterdam 3
42%
Italie Hellas Vérone 1
42%
Italie Lecce 7
42%
Italie Sampdoria Gênes 8
42%
Angleterre West Ham United 4
42%
Angleterre Everton 2
39%
Espagne Getafe 1
39%
France AS Nancy 3
35%
Angleterre Crystal Palace 1
35%
Turquie Fenerbahce 1
35%
Etats-Unis Toronto FC 3
35%
Ukraine Chakhtar Donetsk 1
32%
Etats-Unis Chicago Fire 2
32%
Russie CSKA Moscou 2
32%
Espagne Espanyol Barcelone 1
32%
Angleterre Sunderland 2
32%
France Thonon Evian GG 1
32%
Pays-Bas AZ Alkmaar 2
29%
Italie Empoli 4
29%
Etats-Unis FC Dallas 4
29%
Etats-Unis Los Angeles FC 9
29%
Autriche Rapid Vienne 2
29%
France Valenciennes 4
29%
Espagne Celta Vigo 1
26%
Italie Chievo Vérone 5
26%
France Gazelec Ajaccio 1
26%
Espagne Malaga 1
26%
Etats-Unis Orlando City 3
26%
Espagne Osasuna 1
26%
Italie Venezia FC 1
26%
Biélorussie BATE Borisov 2
23%
Angleterre Bournemouth 1
23%
Etats-Unis Seattle Sounders 4
23%
Tchéquie Viktoria Plzen 1
23%
Allemagne Werder Brême 1
23%
Italie Brescia 2
19%
Espagne Deportivo La Corogne 1
19%
Etats-Unis New York Red Bulls 1
19%
Angleterre Southampton 4
19%
Allemagne VfB Stuttgart 1
19%
Italie Bari 1
16%
Espagne Sporting Gijon 1
16%
Angleterre Swansea United 2
16%
Etats-Unis Vancouver Whitecaps 4
16%
Angleterre West Bromwich Albion 2
16%
Chypre Apollon Limassol 2
13%
Espagne Real Zaragoza 3
13%
Pays-Bas Utrecht 1
13%
Pays-Bas Vitesse Arnhem 1
13%
Angleterre Blackburn Rovers 1
10%
Italie Catane 4
10%
Etats-Unis CF Montréal 1
10%
Italie Crotone 2
10%
Pays-Bas FC Twente 2
10%
Autriche Grazer AK 1
10%
Etats-Unis Houston Dynamo 2
10%
Pays-Bas Sparta Rotterdam 1
10%
Ukraine Zorya Louhansk 2
10%
Italie Ascoli Calcio 2
6%
Etats-Unis D.C. United 1
6%
Pays-Bas NAC Breda 5
6%
Russie Rubin Kazan 1
6%
Irlande Shamrock Rovers 1
6%
Etats-Unis Sporting Kansas City 5
6%
Italie US Livourne 6
6%
Pays-Bas Willem II 4
6%
Suède AIK 2
3%
Etats-Unis Colombus Crew 1
3%
Pays-Bas Groningen 4
3%
Etats-Unis Minnesota United 1
3%
Etats-Unis Portland Timbers 2
3%
Espagne Racing Santander 1
3%
Italie Reggina 4
3%
Etats-Unis San Jose Earthquakes 2
3%
Italie Siena FC 6
3%
Espagne Xerez 2
3%
Italie ACR Messina 2
0%
Pays-Bas ADO Den Haag 1
0%
Angleterre Bristol City 1
0%
Italie Cesena FC 1
0%
Suède Djurgårdens 1
0%
Pays-Bas Excelsior Rotterdam 3
0%
Pays-Bas Fortuna Sittard 2
0%
Pays-Bas Heerenveen 1
0%
Etats-Unis New England Revolution 1
0%
Italie Novara FC 2
0%
Pays-Bas PEC Zwolle 2
0%
Etats-Unis Philadelphie Union 3
0%
Pays-Bas RBC Roosendaal 1
0%
Etats-Unis Real Salt Lake 4
0%
Pays-Bas RKC Waalwijk 1
0%
Pays-Bas Roda JC Kerkrade 3
0%
Norvège Ronseborg 1
0%
France Wasquehal 1
0%
Aucun quiz correspondant
Distribution des résultats
% des personnes avec chaque résultat
Percentile par nombre de réponses
Votre historique - résultats
Vous n’avez pas pris ce quiz